000 01889nam a2200397 i 4500
001 5220828
003 CZ PrSKC
005 20260429110757.0
007 ta
008 260320s2026 xr g 000 f cze
020 _a9788027743728
_cKč 449,00
040 _aABG001
_bcze
_erda
041 1 _acze
_hice
072 7 _a821.11
_xGermánské literatury
_2Konspekt
080 _a821.113.3-31
_2MRF
080 _a(0:82-312.4)
_2MRF
100 0 _aEva Björg Ægisdóttir,
_d1988-
_4aut
_919681
240 1 0 _aStelpur sem ljúga.
_lČesky
245 1 0 _aProlhané holky /
_cEva Björg Ægisdóttir ; přeložila Martina Kašparová
264 1 _aPraha :
_bDobrovský s.r.o.,
_c2026
300 _a339 stran ;
_c21 cm
490 1 _aVendeta
500 _aPřeloženo z islandštiny
500 _aObálkový podnázev: další případ pro Elmu Jónsdóttir
520 2 _aPolicistka Elma Jónsdóttir z akraneského oddělení obnovuje vyšetřování a postupně odhaluje temné souvislosti sahající hluboko do minulosti. Psychologický thriller o tom, jak narušené dětství a traumata mohou později v životě vést k děsivým událostem.
_bKdyž se po měsících pátrání najde tělo zmizelé svobodné matky Maríanny, musí policistka Elma Jónsdóttir a její akraneští kolegové znovu otevřít případ, který byl původně považován za sebevraždu. Paralelně se odvíjí příběh matky, jež nedokáže přijmout vlastní dítě. Vztah, který se nebezpečně vychýlí a vyústí v tragédii.
655 7 _aislandské romány
_92604
655 7 _adetektivní romány
655 7 _athrillery (romány)
_920
655 9 _aIcelandic fiction
_92605
655 9 _adetective novels
655 9 _athrillers (novels)
_9125
700 1 _aKašparová, Martina,
_d1987-
_4trl
_919084
710 2 _aDobrovský (firma)
_4pbl
_920424
910 _aABG508
999 _c34239
_d34239